| 000 | 01237nam a22003134a 4500 | ||
|---|---|---|---|
| 001 | ebr10103674 | ||
| 003 | CaPaEBR | ||
| 006 | m u | ||
| 007 | cr cn||||||||| | ||
| 008 | 031027s2004 nyu sb 001 0 eng | ||
| 020 | _z0195170253 (cloth : alk. paper) | ||
| 040 |
_aCaPaEBR _cCaPaEBR |
||
| 035 | _a(OCoLC)58995396 | ||
| 050 | 1 | 4 |
_aHF1359 _b.B499 2004eb |
| 082 | 0 | 4 |
_a337 _222 |
| 100 | 1 |
_aBhagwati, Jagdish N., _d1934- |
|
| 245 | 1 | 0 |
_aIn defense of globalization _h[electronic resource] / _cJagdish Bhagwati. |
| 260 |
_aNew York : _bOxford University Press, _c2004. |
||
| 300 | _axi, 308 p. | ||
| 500 | _a"A Council on Foreign Relations Book." | ||
| 504 | _aIncludes bibliographical references and index. | ||
| 533 |
_aElectronic reproduction. _bPalo Alto, Calif. : _cebrary, _d2013. _nAvailable via World Wide Web. _nAccess may be limited to ebrary affiliated libraries. |
||
| 650 | 0 |
_aGlobalization _xEconomic aspects. |
|
| 650 | 0 |
_aGlobalization _xSocial aspects. |
|
| 650 | 0 | _aAnti-globalization movement. | |
| 655 | 7 |
_aElectronic books. _2local |
|
| 710 | 2 | _aebrary, Inc. | |
| 856 | 4 | 0 |
_uhttp://site.ebrary.com/lib/rucke/Doc?id=10103674 _zAn electronic book accessible through the World Wide Web; click to view |
| 999 |
_c102125 _d102125 |
||